LEADER 01535nam a2200253 i 4500 001 000000252338 003 CaOOAMICUS 005 20161221000000.0 008 161221s1714 it u000 u ita u 013 $a231243 026 $ainli e-e- .,il gu17 (3) 1714 (R) 040 $aSeMil$bita 245 10$aDescrizione corografica, et istorica della Lombardia. Con le notizie de' fatti più memorabili, e militari in essa succeduti nel secolo corrente di Carlo Giuseppe Maria Reina sacerdote milanese. 260 $aIn Milano :$bNella Regia Ducal Corte, per Marc'Antonio Pandolfo Malatesta Stampatore Regio Camerale,$c1714. 300 $a[12], 204 p. ;$c12º. 500 $aFregi, iniz. xilogr. - Segn.: pg6 A-G12 H18. 650 4$aLombardia - Geografia.$0(OLS)http://semarc/subject/4690 650 4$aLombardia - Storia - Sec. 18.$0(OLS)http://semarc/subject/199 700 1 $aVagliano, Giovanni Giuseppe.$0(OLS)http://semarc/name/40762 700 1 $aMalatesta, Marco Antonio Pandolfo,$c.$0(OLS)http://semarc/name/7288 850 $aSeMil 852 $aSeMil$W1$xVenegono$y1$m3O I 117 FA$j202684$B202684$CSeMilBibl$Z2$F215440 $8I 996 $6245$aDescrizione corografica, et istorica della Lombardia. Con le notizie de' fatti più memorabili, e militari in essa succeduti nel secolo corrente di Carlo Giuseppe Maria Reina sacerdote milanese$9(OLS)http://semarc/title/354585 996 $6260$aIn Milano :$bNella Regia Ducal Corte, per Marc'Antonio Pandolfo Malatesta Stampatore Regio Camerale$9(OLS)http://semarc/publisher/43574 LEADER 00900nam a2200229 i 4500 001 000000070859 003 CaOOAMICUS 005 20081002000000.0 008 081002s1955 fr u000 u fre u 013 $a42031 040 $aSeMil$bita 100 1 $aLavelle, Louis,$d<1883-1951>.$0(OLS)http://semarc/name/6521 245 10$aDe l'intimité spirituelle /$cpar Louis Lavelle. 260 $aParis :$bAubier,$ccopyr. 1955. 300 $a287 p. ;$c19 cm. 490 0 $aPhilosophie de l'esprit 650 4$aLavelle, Louis - Pensiero filosofico.$0(OLS)http://semarc/subject/14129 830 0$aPhilosophie de l'esprit.$0(OLS)http://semarc/title/18245 850 $aSeMil 852 $aSeMil$W1$xVenegono$y1$m2P III 214$j37012$B37012$CSeMilBibl$Z2$F37015 $81 996 $6245$aDe l'intimité spirituelle$9(OLS)http://semarc/title/113841 996 $6260$aParis :$bAubier$9(OLS)http://semarc/publisher/30108